| 000 | 00396nam a2200145Ia 4500 | ||
|---|---|---|---|
| 008 | 151213s9999 xx 000 0 und d | ||
| 100 | _aAlimuzzaman Chowdhury | ||
| 245 |
_aThe Family Contract Ordinance & Rurals 1985 _cAlimuzzaman Chowdhury |
||
| 260 |
_aDhaka _bNew Worsi Book _c1997 |
||
| 300 | _a2082 p. | ||
| 650 | _aLaw | ||
| 650 | _aLaw | ||
| 700 | _aAlimuzzaman Chowdhury | ||
| 999 |
_c1532 _d1532 |
||